| 000 | 04538nam0a22006971 4500 | ||
|---|---|---|---|
| 001 | RU\NLR\A1\25587 | ||
| 005 | 20260408083804.0 | ||
| 035 | _a(NLR Aleph) 009679910 | ||
| 090 |
_a9697969 _c9697969 |
||
| 100 | _a19990524d1786 m y0rusy50 ca | ||
| 101 | 1 |
_arus _clat |
|
| 102 | _aRU | ||
| 135 | _acrcn 024anaba | ||
| 140 | _ay y kbkc yaa0000 | ||
| 200 | 1 |
_aНачальныя основания врачебныя науки. _fСочиненныя г. Гуме, славным аглинским врачем и Едимбургския академии сочленом. _gС латинскаго на российской язык преложенныя, Н.М.А. [Н.Максимовичем-Амбодиком] _gПод ведением Государственной Медицинской коллегии |
|
| 210 |
_aВо граде С. Петра _cпечатано в Императорской типографии _d1786 |
||
| 215 |
_aXIV, 498 с. _d8° |
||
| 305 | _aПер. кн.: Principia medicinae | ||
| 316 |
_aЭкз. РНБ (18.60.4.45) в состав. картон. пер., обтянутом "мраморной" бумагой, с кож. корич. корешком и уголками. Корешок гладкий, с золотым тиснением (позолота почти полностью утрачена) и фрагментом красной кож. наклейки. На нижней крышке пер. наклейка с шифром РНБ. Обрез тонир. желтый. На тит. л. штамп РПБ в венке с датой: 1919 красными чернилами. На тит. л. и с.33 круглый штамп ГПБ. Размер: 19х13х3,8 см _5NLR: 18.60.4.45 |
||
| 317 |
_aВ экз. РНБ (18.60.4.45) на с. 1 владельч. надпись: "Из книг Семена Успенскаго" и на обороте тит. л. дарств. надпись: "Даруется братцу моему, ученику торопецкаго народнаго училища Дмитрию Васильевичу г. Кукину. Апреля 17 дня 1843 года. Полковой старший штаб-лекарь Федоров" _5NLR: 18.60.4.45 |
||
| 320 | _aАлфавитное оглавление вещей вовсей [!] книге содержащихся (С.491-498) | ||
| 321 | 1 | _aСК XVIII 8055 | |
| 325 | _aКопия доступна в Электрон. б-ке РНБ | ||
| 518 | 1 | _aНачальные основания врачебной науки | |
| 620 | _dСанкт-Петербург | ||
| 700 | 1 |
_6z01700 _6z02790 _aХоум _bФ. _f1719-1813 _gФрэнсис _4070 |
|
| 700 | 1 |
_6z01700 _aHome _bF. _gFrancis _7ba |
|
| 702 | 1 |
_4730 _7ca _8rus _aМаксимович-Амбодик _bН.М. _f1744-1812 _gНестор Максимович _9216859 _3RU\NLR\AUTH\770216915 |
|
| 702 | 1 |
_aУспенский _bС. _gСемен _5NLR: 18.60.4.45 _4390 |
|
| 702 | 1 |
_aКукин _bД. В. _gДмитрий Васильевич _5NLR: 18.60.4.45 _4390 |
|
| 702 | 1 |
_aФедоров _5NLR: 18.60.4.45 _4320 |
|
| 712 | 0 | 2 |
_4610 _aИмператорская типография Вейтбрехта _cПетербург _3RU\NLR\AUTH\8810171428 _9838690 |
| 712 | 0 | 1 |
_4340 _aРоссия _bМедицинская коллегия _3RU\NLR\AUTH\889934779 _9364584 |
| 790 | 1 |
_6z02700 _aГуме |
|
| 790 | 0 |
_6z03702 _aН.М.А. |
|
| 801 | 0 |
_aRU _bNLR _c19990524 |
|
| 852 |
_aNLR _j18.60.4.45 |
||
| 852 |
_aNLR _j57-3/3102 |
||
| 856 | 0 | _uhttps://vivaldi.nlr.ru/bx000024836/view | |
| 856 | 1 | _uhttps://vivaldi.nlr.ru/bx000024836/cover | |
| 856 | 2 | _uhttps://vivaldi.nlr.ru/bx000024836/text | |
| 899 | _aРГБ | ||
| 899 | _aВМА | ||
| 899 | _aБАН | ||
| 899 | _aКостОУНБ | ||
| 899 | _aМГУ | ||
| 899 | _aГПИБ | ||
| 899 | _aВладОУНБ | ||
| 899 | _aНГОНБ | ||
| 942 | _cBOOK | ||
| 980 | _aNB | ||
| 980 | 3 | _akpcivil | |
| 980 | 3 | _akp2021 | |
| 980 | 3 | _akp | |
| 980 | _aA1XVIIIv | ||
| 981 | 2 | 2 |
_a(22) Материалы по истории России _b(22) Культура. Наука. Просвещение. |
| 981 | 2 | 0 |
_a(20) Книжные памятники РНБ _b(20) Русский книжный фонд |